zpět

Detail výsledku týmu

Bohemia Café, Česká Lípa

Datum a čas kvízu

36 Celkem bodů Celkový počet nahraných bodů na tomto kvízu bez doplňovacích otázek.
3. Pořadí na kvízu Konečné umístění týmu na tomto kvízu.

Zaznamenané odpovědi

# Otázka Odpověď Body Výsledky
1. Jakou přezdívku si vysloužilo... Varle 1
2. V italském městě Pesaro nechal... Luciano Pavarotti 1
3. Kterou známou hollywoodskou he... Julii Roberts 1
4. Který asijský stát oznámil, že... Čína 0
5. Ve kterém městě se minulý týde... ve Washingtonu 1
6. Jak jinak začít toto téma, než... žlutý trpaslík 0.5
7. Další otázku věnujme Zemi. Jed... 6378 km 1
8. Nyní se podíváme na planety, c... Uran; Venuše 0.5
9. Na řadě je rychlost planet. Co... B 0
10. Přiřaďte názvy těchto měsíců k... 1B 2A 3D 4C 1